ঢ়
ক্ষ
ড়
ঢ়
য়
র-ফলা‌‌‌
 
 
য-ফলা
ি
 
 
রেফ
 
 
 
যুক্ত করুন/হসন্ত
Space
Enter

Gardens of the great Mughals / (Record no. 2435)

000 -LEADER
fixed length control field 00710cam a22002534a 4500
001 - CONTROL NUMBER
control field 19029
003 - CONTROL NUMBER IDENTIFIER
control field BD-DhUAP
005 - DATE AND TIME OF LATEST TRANSACTION
control field 20200224181535.0
008 - FIXED-LENGTH DATA ELEMENTS--GENERAL INFORMATION
fixed length control field 200224t20071913ii a 000 0beng
020 ## - INTERNATIONAL STANDARD BOOK NUMBER
International Standard Book Number 812061982X
040 ## - CATALOGING SOURCE
Original cataloging agency DLC
Transcribing agency DLC
Modifying agency BD-DhUAP
041 1# - LANGUAGE CODE
Language code of text/sound track or separate title eng
Language code of original spa
042 ## - AUTHENTICATION CODE
Authentication code pcc
043 ## - GEOGRAPHIC AREA CODE
Geographic area code n-us-il
082 00 - DEWEY DECIMAL CLASSIFICATION NUMBER
Classification number 712.0954 STU
Edition number 23
100 ## - MAIN ENTRY--PERSONAL NAME
Personal name Stuart, C.M. Villiers.
245 10 - TITLE STATEMENT
Title Gardens of the great Mughals /
Statement of responsibility, etc. C.M. Villiers Stuart.
260 ## - PUBLICATION, DISTRIBUTION, ETC.
Place of publication, distribution, etc. New Delhi :
Name of publisher, distributor, etc. Asian Educational Services,
Date of publication, distribution, etc. c1913 [Reprinted 2007].
300 ## - PHYSICAL DESCRIPTION
Extent xviii, 290 pages :
Other physical details illustrations ;
Dimensions 21 cm.
650 ## - SUBJECT ADDED ENTRY--TOPICAL TERM
Topical term or geographic name entry element Gardens.
650 ## - SUBJECT ADDED ENTRY--TOPICAL TERM
Topical term or geographic name entry element Gardens, Mogul Empire.
650 ## - SUBJECT ADDED ENTRY--TOPICAL TERM
Topical term or geographic name entry element Islamic gardens.
942 ## - ADDED ENTRY ELEMENTS (KOHA)
Source of classification or shelving scheme
Koha item type Book
Holdings
Withdrawn status Lost status Source of classification or shelving scheme Damaged status Not for loan Permanent Location Current Location Shelving location Date acquired Full call number Barcode Date last seen Copy number Price effective from Koha item type
          UAP Central Library UAP Central Library General Stacks 2020-02-24 712.0954 STU 3010019029 2020-02-24 1 2020-02-24 Book

All rights reserved © UAP Central Library,
University of Asia Pacific.